| 000 | 01556cam a2200361 a 4500 | ||
|---|---|---|---|
| 001 | 29675 | ||
| 003 | BD-RjUL | ||
| 005 | 20211209051437.0 | ||
| 008 | 140406s1972 nju b 001 0 eng | ||
| 035 | _a(BD-RjUL)29760 | ||
| 040 |
_aDLC _cDLC _dDLC _dBD-RjUL _beng |
||
| 041 | 1 |
_aeng _hspa |
|
| 082 | 0 | 0 |
_a196.1 _219 _bUNT 1972 |
| 100 | 1 |
_aUnamuno, Miguel de, _d1864-1936. _990383 |
|
| 245 | 1 | 4 |
_aThe tragic sense of life in men and nations / _cMiguel de Unamuno ; translated by Anthony Kerrigan ; with an introduction by Salvador de Madariaga and an afterword by William Barrett ; edited and annotated by Anthony Kerrigan and Martin Nozick. |
| 260 |
_aPrinceton, N.J. : _bPrinceton University Press, _c c1972. |
||
| 300 |
_axlvi, 528 p. ; _c21 cm. |
||
| 490 | 1 |
_aSelected works of Miguel de Unamuno ; _vv. 4 |
|
| 500 | _aTranslation of Del sentimiento trĂ¡gico de la vida. | ||
| 504 | _aIncludes bibliographical references and index. | ||
| 650 | 0 |
_aImmortality _xChristianity. _990386 |
|
| 650 | 0 |
_aFaith and reason _xChristianity. _990387 |
|
| 650 | 0 |
_aTragic, The _xReligious aspects _xChristianity. _990388 |
|
| 700 | 1 |
_aKerrigan, Anthony. _990389 |
|
| 700 | 1 |
_aNozick, Martin, _d1917- _990390 |
|
| 856 | 4 | 2 |
_3Publisher description _uhttp://www.loc.gov/catdir/description/prin021/81470086.html |
| 942 |
_2ddc _cBK |
||
| 999 |
_c29675 _d29675 |
||